1926 1976 1364 1640 1680 1840 1657 1110 1373 1088 1971 1603 1600 1805 1193 1661 1282 1060 1628 1754 1011 1680 1103 1715 1779 1631 1848 1261 1820 1338 1821 1132 1635 1749 1893 1570 1096 1572 1039 1676 1091 1568 1541 1386 1896 1373 1724 1819 1698 1621 1070 1494 1440 1366 1353 1298 1349 1382 1695 1250 1493 1306 1129 1576 1692 1417 1388 1930 1977 1308 1337 1773 1471 1576 1924 1758 1449 1633 1188 1405 1406 1643 1733 1622 1868 1039 1535 1892 1968 1173 1293 1307 1995 1320 1149 1063 1546 1349 1279 BCNSPRNW ULIB Ver.6.0+V

เปลี่ยนเป็นภาษาไทย

Change to English
 แสดงรายละเอียดบรรณานุกรม
  กลับหน้าหลัก

Brief Record : Get Marc (ISO 2709) : E-mail record : QR code < ปิดหน้าต่าง
LEADER : 00000nas 2200000uu 4500
001    13399113769
003     ULIB
008    111227s||||||||th 000 0 tha d
022    ^a08588082
100    ^aพนิดา ชอบวณชชา
110    ^aศรีสยามการพิมพ์
245    ^aขวัญเรือน
260    ^aกรุงเทพฯ :^bศรีสยามการพิมพ์,^cม.ป.ป.
300    ^a320 หน้า
310    ^aรายปักษ์
850 ^a ULIB:campus^b
945    ^p60^l0^i800009
945    ^p60^l0^i800048
945    ^p60^l0^i800014
945    ^p60^l0^i800049
945    ^p60^l0^i800050
945    ^p60^l0^i800073
945    ^p60^l0^i800085
945    ^p60^l0^i800089
945    ^p60^l0^i800100
945    ^p60^l0^i800117
945    ^p60^l0^i800130
945    ^p60^l0^i800147
945    ^p60^l0^i800159
945    ^p60^l0^i800164
945    ^p60^l0^i800181
999 ^a ใช้งานได้ทุกระบบ
รายการนี้ยังไม่มีแท็ก
คุณยังไม่ได้ล็อกอิน คุณสามารถมีกิจกรรมร่วมกับเว็บไซต์ได้ แต่ต้องล็อกอินก่อน ::
  ล็อกอิน

รายการสื่อสารสนเทศ (วารสาร)

ดูแบบ: กล่อง รายการ
ARRIVED
no call number
สถานที่: ห้องสมุดวิทยาเขตสวรรค์ประชารักษ์ >วารสารห้องสมุดวิทยาเขตสวรรค์ประชารักษ์ >หนังสือทั่วไป
รายการใกล้เคียง
    ชื่อเรื่อง [ขวัญเรือน]

    ผู้แต่ง [พนิดา ชอบวณชชา]

BibComment


ยังไม่เคยถูกคอมเมนท์

คอมเมนท์ทรัพยากรรายการนี้
  คอมเมนท์: ขวัญเรือน


 Copyright 2026. Bcnsprnw @Library